| 000 | 01452cab a2200289 4500 | ||
|---|---|---|---|
| 001 | ABS67344 | ||
| 008 | 040105n2004 000 0 eng u | ||
| 035 | _a(Sirsi) u124708 | ||
| 100 | _aHeywood, A. | ||
| 245 | _aNew methods, new risks | ||
| 260 | _c2004 | ||
| 490 |
_aRoof _v29(1) January/February 2004, 37(1) |
||
| 520 | _aConsiders, from the mortgage lender perspective, the drive following the Communities Plan towards innovative or non-traditional housing construction in the social rented sector. Outlines the history of non-traditional housing since the First World War and considers why lender experience of earlier generations of non-traditional house building has not been entirely happy. Notes that lenders to the social rented sector have recently funded a number of non-traditional schemes and lists the factors which lender concern will focus on. Suggests steps government must take to ensure that non-traditional construction can realise its potential without repeating the mistakes of the past. | ||
| 590 | _aABS | ||
| 650 | _aREMEDIATION | ||
| 650 | _aSUSTAINABLE COMMUNITIES: BUILDING FOR THE FUTURE | ||
| 650 | _aNON TRADITIONAL HOUSING | ||
| 650 | _aNON-TRADITIONAL CONSTRUCTION | ||
| 650 | _aSOCIAL RENTED SECTOR | ||
| 650 | _aMORTGAGE LENDERS | ||
| 650 | _aRIGHT TO BUY | ||
| 650 | _aHOUSING DEFECTS ACT 1984 | ||
| 650 | _aDEFECTS | ||
| 650 | _aREPAIRS | ||
| 690 | _aHOUSING-HOUSING FINANCE | ||
| 942 | _n0 | ||
| 999 |
_c74010 _d74010 |
||